000 00275nam a22001337a 4500
020 _a978-1259029837
041 _aENG
100 _aDuggal .S.K
245 _aSurveying Vol 2
260 _aNew Delhi
_bTata Mcgraw-Hil
_c1999
300 _a390
650 _aSWCE
856 _uSWCE
999 _c263
_d263